00653nam a2200193 i 450000100060000000300080000600500170001400800410003103500190007204000270009104100080011808200260012624501040015226000590025630000270031550400510034265000370039370000290043035150BD-RjUL20211209052253.0140521r19771975ii b 001 0 eng d a(BD-RjUL)35244 aDLCcDLCdBD-RjULbeng aeng00a305.420954bWOM 197700aWomen in contemporary India :btraditional images and changing roles /cedited by Alfred de Souza. aDelhi :bManohar Book Service,c1975 [Reprinted 1977]. axxvi, 264 p. ;c23 cm. aIncludes index and Bibliography: p. [253]-258. 0aWomenzIndiaxSocial conditions.1 aDe Souza, Alfred,d1930-